The Leadership challenge (Record no. 48983)

MARC details
000 -LEADER
fixed length control field 00935nam a2200253 a 4500
008 - FIXED-LENGTH DATA ELEMENTS--GENERAL INFORMATION
fixed length control field 120416s1995 ||||||||||||||||| || u
020 ## - INTERNATIONAL STANDARD BOOK NUMBER
International Standard Book Number 0787901105
050 ## - LIBRARY OF CONGRESS CALL NUMBER
Classification number HD 57.7 Kou
100 ## - MAIN ENTRY--PERSONAL NAME
Personal name Posner, Barry Z
245 14 - TITLE STATEMENT
Title The Leadership challenge
246 ## - VARYING FORM OF TITLE
Title proper/short title how to keep getting extraordinary things done in organizations
250 ## - EDITION STATEMENT
Edition statement 2nd ed.
260 ## - PUBLICATION, DISTRIBUTION, ETC.
Place of publication, distribution, etc. San Francisco, Calif.
Name of publisher, distributor, etc. Jossey-Bass
Date of publication, distribution, etc. 1995
300 ## - PHYSICAL DESCRIPTION
Extent xxv, 405 p. : ill.
350 ## - PRICE (NR) (BK AM CF MU VM SE) [OBSOLETE]
Price 0.00
490 ## - SERIES STATEMENT
Series statement The Jossey-Bass management series
500 ## - GENERAL NOTE
General note Includes bibliographical references (p. 353-377) and index.
650 #0 - SUBJECT ADDED ENTRY--TOPICAL TERM
Topical term or geographic name entry element MANAGEMENT
650 #0 - SUBJECT ADDED ENTRY--TOPICAL TERM
Topical term or geographic name entry element LEADERSHIP
650 ## - SUBJECT ADDED ENTRY--TOPICAL TERM
Topical term or geographic name entry element EXECUTIVE ABILITY
700 ## - ADDED ENTRY--PERSONAL NAME
Personal name Kouzes, James M., 1945-
856 ## - ELECTRONIC LOCATION AND ACCESS
Uniform Resource Identifier <a href="http://www.loc.gov/catdir/toc/onix07/95011314.html">http://www.loc.gov/catdir/toc/onix07/95011314.html</a>
995 ## - RECOMMENDATION 995 [LOCAL, UNIMARC FRANCE]
-- 0.00
-- CBU-MAIN LIBRARY (Kitwe)
-- 1
-- 0.00
-- 1
-- AVAILABLE
-- Main Library Open Access Collection
Holdings
Withdrawn status Lost status Source of classification or shelving scheme Damaged status Not for loan Home library Current library Shelving location Date acquired Total Checkouts Full call number Barcode Date last seen Price effective from Koha item type
          CBU-MAIN LIBRARY, KITWE. CBU-MAIN LIBRARY, KITWE.   11/30/2022   HD 57.7 Kou 024264 11/30/2022 11/30/2022 MONOGRAPH